Флагове на държави, които започват с И - Statistics

General Stats
  • This quiz has been taken 43 times
  • The average score is 9 of 10
Answer Stats
Picture Answer % Correct
Индия
100%
Италия
97%
Испания
97%
Израел
97%
Ирландия
97%
Исландия
97%
Иран
95%
Ирак
92%
Индонезия
89%
Източен Тимор
79%
No matching quizzes found
Score Distribution
Percent of People with Each Score
Percentile by Number Answered
Your Score History
You have not taken this quiz